00291nam a2200097Ia 4500008004100000041000800041100002100049245007500070260003100145700001700176241105s9999 xx 000 0 und d aeng aUgemuge Ketaki.  aLandscape Development Proposal For Dham River Front At Pawnar, Wardha. bBNCA M Arch LA, Punec2018 a Verma Aarti